Un niño especial en la familia : (Registro nro. 7753)
[ vista simple ]
| 000 -LEADER | |
|---|---|
| fixed length control field | 01282cam a2200313 i 4500 |
| 001 - CONTROL NUMBER | |
| control field | 7753 |
| 003 - CONTROL NUMBER IDENTIFIER | |
| control field | Mx-PuUPA |
| 005 - DATE AND TIME OF LATEST TRANSACTION | |
| control field | 20240410103444.0 |
| 008 - FIXED-LENGTH DATA ELEMENTS--GENERAL INFORMATION | |
| fixed length control field | 140415s1988 mx r 001 0 spa d |
| 020 ## - INTERNATIONAL STANDARD BOOK NUMBER | |
| International Standard Book Number | 9682426987 |
| 040 ## - CATALOGING SOURCE | |
| Original cataloging agency | Mx-PuUPA |
| Language of cataloging | spa |
| Transcribing agency | Mx-PuUPA |
| Modifying agency | Mx-PuUPA |
| Description conventions | rda |
| 041 1# - LANGUAGE CODE | |
| Language code of text/sound track or separate title | spa |
| Language code of original | eng |
| 100 1# - MAIN ENTRY--PERSONAL NAME | |
| Personal name | Benjamin, Barbaranne J., |
| Relator term | autor |
| 9 (RLIN) | 8100 |
| 240 12 - UNIFORM TITLE | |
| Uniform title | A special child in the family. A guide for parents. |
| Language of a work | Español |
| 245 13 - TITLE STATEMENT | |
| Title | Un niño especial en la familia : |
| Remainder of title | guía para padres / |
| Statement of responsibility, etc. | Barbaranne J. Benjamin ; traducción María del Carmen Carillo Farga |
| 250 ## - EDITION STATEMENT | |
| Edition statement | Primera edición / |
| Remainder of edition statement | en español |
| 264 #4 - PRODUCTION, PUBLICATION, DISTRIBUTION, MANUFACTURE, AND COPYRIGHT NOTICE | |
| Place of production, publication, distribution, manufacture | México, D.F. : |
| Name of producer, publisher, distributor, manufacturer | Editorial Trillas, |
| Date of production, publication, distribution, manufacture, or copyright notice | ©1988 |
| 300 ## - PHYSICAL DESCRIPTION | |
| Extent | 85 páginas ; |
| Dimensions | 23 cm. |
| 336 ## - CONTENT TYPE | |
| Content type term | texto |
| Fuente | rdacontent |
| Content type code | txt |
| 337 ## - MEDIA TYPE | |
| Media type term | sin medio |
| Source | rdamedia |
| Media type code | n |
| 338 ## - CARRIER TYPE | |
| Carrier type term | volumen |
| Source | rdacarrier |
| Carrier type code | nc |
| 650 #4 - SUBJECT ADDED ENTRY--TOPICAL TERM | |
| Topical term or geographic name entry element | Padres e hijos |
| General subdivision | Niños impedidos |
| 650 #4 - SUBJECT ADDED ENTRY--TOPICAL TERM | |
| Topical term or geographic name entry element | Educación |
| Form subdivision | Manuales |
| 700 1# - ADDED ENTRY--PERSONAL NAME | |
| Personal name | Carrillo Farga, María del Carmen, |
| Relator term | traductor |
| 765 18 - ORIGINAL LANGUAGE ENTRY | |
| Main entry heading | Benjamin, Barbaranne J., |
| Edition | Primera edición |
| Place, publisher, and date of publication | Sothwest : Sothwest Texas State University, [Lugar de publicación no identificada] |
| Title | A special child in the family. A guide for parents. |
| 942 ## - ADDED ENTRY ELEMENTS (KOHA) | |
| Source of classification or shelving scheme | Dewey Decimal Classification |
| Koha item type | Libro |
| Classification part | 306.87082 |
| Item part | B456 |
| Withdrawn status | Lost status | Source of classification or shelving scheme | Damaged status | Not for loan | Collection code | Home library | Current library | Shelving location | Date acquired | Source of acquisition | Total Checkouts | Full call number | Barcode | Date last seen | Price effective from | Koha item type | Date last checked out | Copy number |
|---|---|---|---|---|---|---|---|---|---|---|---|---|---|---|---|---|---|---|
| Dewey Decimal Classification | General | Biblioteca Karol Wojtyla | Biblioteca Karol Wojtyla | Sala general | 03/12/2013 | Compra | 306.87082 B456 1988 | 20910 | 05/01/2026 | 11/07/2018 | Libro | |||||||
| Dewey Decimal Classification | General | Biblioteca Karol Wojtyla | Biblioteca Karol Wojtyla | Sala general | 03/12/2013 | Compra | 306.87082 B456 1988 | 54047 | 05/01/2026 | 03/12/2013 | Libro | 03/05/2016 | Ej.1 | |||||
| Dewey Decimal Classification | General | Biblioteca Karol Wojtyla | Biblioteca Karol Wojtyla | Sala general | 03/12/2013 | Compra | 306.87082 B456 1988 | 69852 | 05/01/2026 | 03/12/2013 | Libro | 22/01/2015 | Ej.2 |